| 000 | 00366nam a2200133Ia 4500 | ||
|---|---|---|---|
| 008 | 231129s9999||||xx |||||||||||||| ||spa|| | ||
| 020 | _a84-8276-135-8 | ||
| 040 | _bspa | ||
| 082 | _a658.816 C117p | ||
| 100 | _aCabrejos Doig Belisario | ||
| 245 | 0 | _aEl producto y el precio a su alcance | |
| 264 | _aNorma | ||
| 942 |
_2ddc _cBKS |
||
| 999 |
_c12218 _d12218 |
||